[Event "World op"]
[Site "Philadelphia USA"]
[Date "2022.07.03"]
[Round "7"]
[White "Chiu, Isaac"]
[Black "Thavandiran, Shiyam"]
[Result "1-0"]
[WhiteElo "2233"]
[BlackElo "2386"]
[PlyCount "79"]
[EventDate "2022.06.30"]
[EventType "swiss"]
[EventRounds "9"]
[EventCountry "USA"]
[Source "ChessMix"]
[SourceDate "2022.07.10"]

1. Nf3 Nf6 2. d4 d6 3. Nc3 Bf5 4. Nh4 Bd7 5. e4 e5 6. Nf3 Nc6 7. d5 Ne7 8. a4
a6 9. a5 g6 10. Nd2 Bg7 11. Nc4 O-O 12. Be2 Nc8 13. g4 b5 14. axb6 cxb6 15. Ne3
a5 16. h4 Ne8 17. Nb5 Nf6 18. f3 h5 19. g5 Nh7 20. c4 Bxb5 21. cxb5 f6 22. gxf6
Bxf6 23. Ng2 Ra7 24. Be3 g5 25. hxg5 Bxg5 26. Rxh5 Rg7 27. Kd2 Ne7 28. Qh1 Ng6
29. Rg1 Qf6 30. Bxg5 Nxg5 31. Ne3 Nf4 32. Rh6 Rg6 33. Rxg6+ Qxg6 34. Nf5 Kf7
35. Rg4 Nfh3 36. Qc1 Qf6 37. Qc7+ Kg6 38. Rh4 Nxf3+ 39. Bxf3 Qg5+ 40. Kc2 1-0

[Event "Philadelphia int."]
[Site "Philadelphia USA"]
[Date "2022.06.28"]
[Round "8"]
[White "Thavandiran, Shiyam"]
[Black "Mulyar, Michael A"]
[Result "1/2-1/2"]
[WhiteElo "2389"]
[BlackElo "2348"]
[PlyCount "80"]
[EventDate "2022.06.24"]
[EventType "swiss"]
[EventRounds "7"]
[EventCountry "USA"]
[Source "ChessMix"]
[SourceDate "2022.07.10"]

1. e4 e5 2. Nf3 Nc6 3. Be2 Nf6 4. d3 d5 5. Nbd2 g6 6. O-O Bg7 7. c3 a5 8. a4
O-O 9. Re1 b6 10. Qc2 Bb7 11. Nf1 Qd7 12. Ng3 Ba6 13. Rb1 Rfe8 14. Bd2 Rad8 15.
Rbd1 dxe4 16. dxe4 Bxe2 17. Nxe2 Qd3 18. Qxd3 Rxd3 19. Ng3 Red8 20. Kf1 Bf8 21.
Ke2 Bc5 22. Bg5 Rxd1 23. Rxd1 Rxd1 24. Kxd1 Nd7 25. Ke2 f6 26. Bc1 Kf7 27. Nd2
Ke6 28. Ngf1 f5 29. f3 f4 30. b3 g5 31. Kd3 h5 32. Nc4 g4 33. Ke2 Bg1 34. g3
fxg3 35. hxg3 Nc5 36. Ncd2 Nd8 37. fxg4 hxg4 38. Ba3 Ndb7 39. Ne3 Bxe3 40. Kxe3
Kf6 1/2-1/2

[Event "Philadelphia int."]
[Site "Philadelphia USA"]
[Date "2022.06.28"]
[Round "9"]
[White "Salinas Herrera, Pablo Patricio"]
[Black "Thavandiran, Shiyam"]
[Result "1/2-1/2"]
[WhiteElo "2532"]
[BlackElo "2389"]
[PlyCount "112"]
[EventDate "2022.06.24"]
[EventType "swiss"]
[EventRounds "7"]
[EventCountry "USA"]
[Source "ChessMix"]
[SourceDate "2022.07.10"]

1. d4 Nf6 2. Nf3 d6 3. Nc3 Bf5 4. Nh4 Bd7 5. e4 e5 6. Nf3 Nc6 7. h3 exd4 8.
Nxd4 g6 9. Bg5 h6 10. Be3 Bg7 11. Qd2 Nxd4 12. Bxd4 O-O 13. O-O-O b5 14. f3 c6
15. Ne2 b4 16. Kb1 Qa5 17. Nc1 Be6 18. Nb3 Qa4 19. Qf4 Nh5 20. Qe3 Rfd8 21.
Bxg7 Kxg7 22. f4 c5 23. f5 Bxb3 24. cxb3 Qe8 25. Bd3 Qe5 26. g4 Qf4 27. Qe1 Nf6
28. Bc2 Re8 29. Rf1 Qe5 30. Qe2 d5 31. h4 Nxe4 32. Qa6 Qf6 33. Qxf6+ Kxf6 34.
fxg6+ Kxg6 35. Rxd5 Kg7 36. g5 hxg5 37. hxg5 Ng3 38. Rfd1 Rac8 39. Rd7 Ne4 40.
Rg1 Rc6 41. Rxa7 Nd2+ 42. Kc1 Nf3 43. Rf1 Nxg5 44. Bd3 Rf6 45. Rg1 Re5 46. a4
bxa3 47. bxa3 Kh6 48. Ra6 Rxa6 49. Bxa6 Nf3 50. Rg8 Re3 51. Bc4 Ne5 52. Kb2
Nxc4+ 53. bxc4 f5 54. a4 Re2+ 55. Kb3 Re3+ 56. Kb2 Re2+ 1/2-1/2

[Event "Titled Tuesday 2022.06.07 Early"]
[Site "chess.com INT"]
[Date "2022.06.07"]
[Round "1"]
[White "Guseva, Marina"]
[Black "Thavandiran, Shiyam"]
[Result "0-1"]
[WhiteElo "2377"]
[BlackElo "2389"]
[PlyCount "82"]
[EventDate "2022.06.07"]
[EventType "swiss (blitz)"]
[EventRounds "11"]
[EventCountry "NET"]
[Source "Mark Crowther"]
[SourceDate "2022.06.13"]

1. d4 e6 2. Nf3 Nf6 3. Bf4 b6 4. h3 Bb7 5. e3 c5 6. c3 d6 7. Bd3 Nbd7 8. Bh2
Be7 9. O-O O-O 10. Nbd2 a6 11. a4 Re8 12. Re1 Rc8 13. Bf1 d5 14. Ne5 Nxe5 15.
dxe5 Nd7 16. e4 Nf8 17. exd5 exd5 18. f4 Bh4 19. g3 Be7 20. Bg2 Qc7 21. g4 d4
22. c4 Bxg2 23. Kxg2 b5 24. Qf3 bxa4 25. Rxa4 Rb8 26. b3 Rb6 27. f5 Qc6 28. Ne4
Nd7 29. Nd2 Qc8 30. e6 fxe6 31. fxe6 Nf6 32. Qf5 g6 33. Qe5 Bd8 34. Qf4 Rbxe6
35. Rxe6 Rxe6 36. g5 Nh5 37. Qg4 Qc6+ 38. Kf1 Qh1+ 39. Bg1 Ng7 40. Nf3 Nf5 41.
Ra2 Re3 0-1

[Event "Titled Tuesday 2022.06.07 Early"]
[Site "chess.com INT"]
[Date "2022.06.07"]
[Round "2"]
[White "Thavandiran, Shiyam"]
[Black "Suich, Peter D"]
[Result "0-1"]
[WhiteElo "2389"]
[BlackElo "2136"]
[PlyCount "78"]
[EventDate "2022.06.07"]
[EventType "swiss (blitz)"]
[EventRounds "11"]
[EventCountry "NET"]
[Source "Mark Crowther"]
[SourceDate "2022.06.13"]

1. e4 c5 2. Nc3 Nc6 3. g3 g6 4. Bg2 Bg7 5. d3 e5 6. Nd5 Nge7 7. Bg5 O-O 8. Ne2
f6 9. Be3 d6 10. Qd2 Nxd5 11. exd5 Nd4 12. h3 Nf5 13. O-O Nxe3 14. fxe3 f5 15.
c4 a6 16. d4 exd4 17. exd4 b6 18. Kh2 Bd7 19. Rae1 Qf6 20. dxc5 bxc5 21. b3
Rae8 22. Nf4 Qc3 23. Qf2 Bd4 24. Rxe8 Bxf2 25. Rxf8+ Kxf8 26. Rxf2 a5 27. Bf1
a4 28. bxa4 Bxa4 29. Ne6+ Kg8 30. h4 Bc2 31. Ng5 Bd3 32. Bxd3 Qxd3 33. Rb2 Qxc4
34. Rb8+ Kg7 35. Rb7+ Kf6 36. Nxh7+ Ke5 37. Nf8 Qxa2+ 38. Kh3 Qxd5 39. Nxg6+
Kf6 0-1

[Event "Titled Tuesday 2022.06.07 Early"]
[Site "chess.com INT"]
[Date "2022.06.07"]
[Round "4"]
[White "Shohat, Yotam"]
[Black "Thavandiran, Shiyam"]
[Result "0-1"]
[WhiteElo "2335"]
[BlackElo "2389"]
[PlyCount "90"]
[EventDate "2022.06.07"]
[EventType "swiss (blitz)"]
[EventRounds "11"]
[EventCountry "NET"]
[Source "Mark Crowther"]
[SourceDate "2022.06.13"]

1. e4 e6 2. d4 d5 3. Nc3 Nf6 4. e5 Nfd7 5. Nce2 c5 6. c3 Nc6 7. Nf3 Qb6 8. a3
a5 9. h4 h6 10. Nf4 a4 11. Bd3 cxd4 12. cxd4 Be7 13. O-O Nf8 14. Nh5 Rg8 15.
Bc2 Bd7 16. Rb1 Ng6 17. g3 Qa7 18. Be3 b5 19. Rc1 Na5 20. Nd2 Nf8 21. Qg4 g6
22. Bxh6 gxh5 23. Qxg8 Qxd4 24. Nf3 Qxb2 25. Ng5 O-O-O 26. Nxf7 Qxa3 27. Nxd8
Kxd8 28. Bg6 Nc4 29. Qf7 Nxe5 30. Qg7 Nexg6 31. Bg5 Bxg5 32. hxg5 Qe7 33. Qd4
Qxg5 34. Qb6+ Ke7 35. Qc5+ Kf7 36. Rc3 Qe7 37. Rf3+ Kg8 38. Qd4 Be8 39. Rc1 Bf7
40. Rc8 e5 41. Qb6 e4 42. Rf6 Kg7 43. Rfc6 e3 44. R8c7 exf2+ 45. Kxf2 Qe5 0-1

[Event "Titled Tuesday 2022.06.07 Early"]
[Site "chess.com INT"]
[Date "2022.06.07"]
[Round "6"]
[White "Thavandiran, Shiyam"]
[Black "Gunduz, Umut Erdem"]
[Result "1-0"]
[WhiteElo "2389"]
[BlackElo "2364"]
[PlyCount "69"]
[EventDate "2022.06.07"]
[EventType "swiss (blitz)"]
[EventRounds "11"]
[EventCountry "NET"]
[Source "Mark Crowther"]
[SourceDate "2022.06.13"]

1. e4 e5 2. Nf3 Nc6 3. Be2 Nf6 4. d3 d5 5. Nbd2 h6 6. O-O Be6 7. c3 a5 8. b3
dxe4 9. dxe4 Bc5 10. a3 Qe7 11. Qc2 O-O 12. Bb2 Rfd8 13. b4 Bd6 14. Nc4 Bg4 15.
Ne3 Bxf3 16. Bxf3 g6 17. Rfd1 h5 18. Re1 h4 19. Rad1 Nb8 20. Nd5 Nxd5 21. exd5
Nd7 22. Re2 Qf6 23. h3 Re8 24. Rde1 b6 25. Qb3 axb4 26. axb4 Qf4 27. Re4 Qg5
28. Rg4 Qh6 29. Bc1 Qh7 30. Bg5 Be7 31. Rxh4 Qg7 32. Bxe7 Rxe7 33. Rc4 e4 34.
Rcxe4 Rae8 35. Rxe7 1-0

[Event "Titled Tuesday 2022.06.07 Early"]
[Site "chess.com INT"]
[Date "2022.06.07"]
[Round "10"]
[White "Thavandiran, Shiyam"]
[Black "Karavade, E."]
[Result "1-0"]
[WhiteElo "2389"]
[BlackElo "2339"]
[PlyCount "85"]
[EventDate "2022.06.07"]
[EventType "swiss (blitz)"]
[EventRounds "11"]
[EventCountry "NET"]
[Source "Mark Crowther"]
[SourceDate "2022.06.13"]

1. e4 c5 2. Nf3 d6 3. d4 cxd4 4. Nxd4 Nf6 5. Nc3 a6 6. h3 e5 7. Nde2 Be6 8. g4
d5 9. exd5 Nxd5 10. Bg2 Nxc3 11. Qxd8+ Kxd8 12. Nxc3 Nc6 13. Be3 Kc7 14. O-O-O
Rd8 15. Nd5+ Bxd5 16. Bxd5 f6 17. c3 Be7 18. h4 h6 19. Be4 Rxd1+ 20. Rxd1 Rd8
21. Rxd8 Nxd8 22. Bf5 Kc6 23. Kc2 Bc5 24. Be4+ Kd6 25. Bxc5+ Kxc5 26. Kd3 a5
27. b3 b5 28. a3 Ne6 29. b4+ axb4 30. axb4+ Kb6 31. c4 Nf4+ 32. Kc3 bxc4 33.
Kxc4 Nh3 34. f3 Nf4 35. h5 Ne6 36. Kd5 Nf4+ 37. Kd6 Kb5 38. Ke7 Kxb4 39. Kf7
Kc3 40. Kxg7 Kd4 41. Kxh6 Ne6 42. Kg6 Ng5 43. h6 1-0

[Event "Americas Continental-ch"]
[Site "San Salvador ESA"]
[Date "2022.05.02"]
[Round "1.15"]
[White "Thavandiran, Shiyam"]
[Black "Zavala Galindo, Alejandra Beatriz"]
[Result "1-0"]
[WhiteElo "2399"]
[BlackElo "1757"]
[PlyCount "157"]
[EventDate "2022.05.02"]
[EventType "swiss"]
[EventRounds "11"]
[EventCountry "ESA"]
[Source "ChessMix"]
[SourceDate "2022.05.20"]

1. e4 c5 2. Nf3 d6 3. d4 cxd4 4. Nxd4 Nf6 5. Nc3 Nc6 6. Bg5 e6 7. Qd2 a6 8.
O-O-O h6 9. Nxc6 bxc6 10. Bf4 d5 11. Qe3 Be7 12. Be2 Nd7 13. Qg3 Bg5 14. exd5
cxd5 15. h4 Bxf4+ 16. Qxf4 Qf6 17. Qe3 Qe5 18. Qd2 Bb7 19. g4 O-O-O 20. f4 Qc7
21. Rh3 Kb8 22. Na4 Rc8 23. Rb3 Qc6 24. Rb4 Rc7 25. c3 Rhc8 26. Qd4 Qd6 27. Nb6
Nxb6 28. Rxb6 Rc6 29. Rxc6 Rxc6 30. Qxg7 Qxf4+ 31. Kb1 e5 32. Bd3 e4 33. Rf1
Qd2 34. Bc2 e3 35. Qh8+ Rc8 36. Qe5+ Ka8 37. Rd1 Qf2 38. Bd3 Qxh4 39. Qxe3 Qxg4
40. Rf1 Qg5 41. Qd4 Rg8 42. Kc2 Qg4 43. Rf4 Qd7 44. Qb6 Qe6 45. Rf6 Rg2+ 46.
Kb3 Qxb6+ 47. Rxb6 Ka7 48. Rxh6 Rf2 49. Rh7 Kb6 50. Rh6+ Ka7 51. a4 Rf3 52. Be2
Rf2 53. Bg4 a5 54. Bd7 Ba6 55. Ka3 Rf3 56. Bc6 Bb7 57. Kb3 Bxc6 58. Rxc6 d4 59.
Rc5 dxc3 60. Rxa5+ Kb6 61. Rb5+ Ka6 62. bxc3 f5 63. Kb4 Rf1 64. c4 f4 65. Rf5
f3 66. Rf6+ Kb7 67. Kc5 f2 68. Rf7+ Ka6 69. a5 Ra1 70. Rxf2 Rxa5+ 71. Kc6 Ra4
72. c5 Ra1 73. Rb2 Ka7 74. Kc7 Ra5 75. c6 Ra1 76. Rd2 Ka8 77. Kc8 Ra6 78. c7
Ka7 79. Kd7 1-0

[Event "Americas Continental-ch"]
[Site "San Salvador ESA"]
[Date "2022.05.03"]
[Round "2.14"]
[White "Zilleruelo Irizarry, Diego"]
[Black "Thavandiran, Shiyam"]
[Result "0-1"]
[WhiteElo "2056"]
[BlackElo "2399"]
[PlyCount "62"]
[EventDate "2022.05.02"]
[EventType "swiss"]
[EventRounds "11"]
[EventCountry "ESA"]
[Source "ChessMix"]
[SourceDate "2022.05.20"]

1. e4 e6 2. d4 d5 3. Nd2 c5 4. exd5 Qxd5 5. Ngf3 cxd4 6. Bc4 Qd6 7. O-O Nf6 8.
Nb3 Nc6 9. Nbxd4 Nxd4 10. Nxd4 Be7 11. Bd3 O-O 12. Nb5 Qc6 13. Nc3 b6 14. Bb5
Qc7 15. Qf3 Bb7 16. Qh3 Rfd8 17. Re1 a6 18. Bd3 b5 19. Bg5 h6 20. Bxh6 gxh6 21.
Qxh6 Rxd3 22. cxd3 Ng4 23. Qh5 Qf4 24. Re2 Kg7 25. f3 Qd4+ 26. Kh1 Nf2+ 27.
Rxf2 Qxf2 28. Qg4+ Kf8 29. Qh5 Qh4 30. Qe5 Rd8 31. Ne4 Bxe4 0-1

[Event "Americas Continental-ch"]
[Site "San Salvador ESA"]
[Date "2022.05.03"]
[Round "3.3"]
[White "Thavandiran, Shiyam"]
[Black "Gareyev, Timur"]
[Result "0-1"]
[WhiteElo "2399"]
[BlackElo "2565"]
[PlyCount "64"]
[EventDate "2022.05.02"]
[EventType "swiss"]
[EventRounds "11"]
[EventCountry "ESA"]
[Source "ChessMix"]
[SourceDate "2022.05.20"]

1. e4 g6 2. d4 d6 3. Nc3 Bg7 4. Be3 a6 5. h4 Nf6 6. f3 Nc6 7. g4 h5 8. g5 Nd7
9. f4 O-O 10. d5 Na5 11. Bd4 c5 12. Bxg7 Kxg7 13. Qe2 b5 14. a4 Nb6 15. axb5
Bg4 16. Qf2 axb5 17. Bxb5 Nb3 18. Rb1 Nd4 19. Bd3 e5 20. fxe5 Nd7 21. Nce2 Qa5+
22. Kf1 f5 23. exf6+ Nxf6 24. Nf4 Nd7 25. Kg2 Ne5 26. Kg3 Rf7 27. Qe1 Qa7 28.
b3 Raf8 29. Nfh3 Nxd3 30. cxd3 Qa2 31. Rh2 Rf3+ 32. Nxf3 Rxf3# 0-1

[Event "Americas Continental-ch"]
[Site "San Salvador ESA"]
[Date "2022.05.04"]
[Round "4.13"]
[White "Barrera Meza, Carlos"]
[Black "Thavandiran, Shiyam"]
[Result "0-1"]
[WhiteElo "2143"]
[BlackElo "2399"]
[PlyCount "106"]
[EventDate "2022.05.02"]
[EventType "swiss"]
[EventRounds "11"]
[EventCountry "ESA"]
[Source "ChessMix"]
[SourceDate "2022.05.20"]

1. d4 Nf6 2. Nf3 d6 3. Bf4 Bg4 4. e3 Nbd7 5. h3 Bh5 6. Be2 e6 7. c4 c5 8. Qb3
Qc7 9. Nc3 a6 10. O-O Be7 11. Rac1 O-O 12. Rfd1 h6 13. dxc5 Nxc5 14. Qa3 e5 15.
Bh2 a5 16. Nb5 Qb6 17. b3 Nfe4 18. Qb2 Rfe8 19. Ne1 Bg6 20. Nd3 Ne6 21. Bf3
N6g5 22. h4 Nxf3+ 23. gxf3 Nf6 24. Ne1 Qc6 25. e4 Rad8 26. Qd2 b6 27. Nc3 Qc8
28. Kg2 Bh5 29. Qe3 Qb7 30. Bg3 Bg6 31. Nd5 Nxd5 32. Rxd5 Qc6 33. a4 f5 34. Qd3
f4 35. Bh2 Bf7 36. Rb5 Bxh4 37. Nc2 Re6 38. Rh1 Rg6+ 39. Kf1 Be7 40. Rg1 Rxg1+
41. Bxg1 Qc7 42. Qe2 Be8 43. Rd5 Qc8 44. Qe1 Qh3+ 45. Ke2 Bh5 46. Rd3 Rc8 47.
Qf1 Qh4 48. Qg2 Kf8 49. Qh2 Qxh2 50. Bxh2 Be8 51. Rd1 Kf7 52. Ne1 Ke6 53. Nd3
Bc6 0-1

[Event "Americas Continental-ch"]
[Site "San Salvador ESA"]
[Date "2022.05.05"]
[Round "5.10"]
[White "Thavandiran, Shiyam"]
[Black "Montes Orozco, Miguel Angel"]
[Result "1-0"]
[WhiteElo "2399"]
[BlackElo "2166"]
[PlyCount "109"]
[EventDate "2022.05.02"]
[EventType "swiss"]
[EventRounds "11"]
[EventCountry "ESA"]
[Source "ChessMix"]
[SourceDate "2022.05.20"]

1. e4 e5 2. Nf3 Nc6 3. Nc3 Nf6 4. Bb5 Bd6 5. d3 a6 6. Ba4 O-O 7. Bg5 b5 8. Bb3
Be7 9. a3 d6 10. h3 Be6 11. Nd5 h6 12. Bd2 Nb8 13. a4 Nbd7 14. axb5 Bxd5 15.
exd5 axb5 16. O-O Rxa1 17. Qxa1 Nc5 18. Ba2 Qa8 19. b4 Na4 20. c4 c6 21. dxc6
Qxc6 22. c5 dxc5 23. Nxe5 Qb7 24. Ng6 Rd8 25. Nxe7+ Qxe7 26. Re1 Qd6 27. bxc5
Nxc5 28. Bb4 Nd5 29. Bxd5 Qxd5 30. Re5 Qxd3 31. Rxc5 Qd1+ 32. Qxd1 Rxd1+ 33.
Kh2 Rb1 34. Rxb5 Rb2 35. f3 Kh7 36. Rb6 h5 37. h4 f6 38. Bc5 Rc2 39. Bd6 Rd2
40. Bf4 Rd4 41. Kg3 Ra4 42. Bd2 Ra2 43. Bc3 Kg6 44. Rb7 Rc2 45. Bb2 Kf5 46. Ba3
g5 47. Rb5+ Kg6 48. hxg5 fxg5 49. Be7 g4 50. fxg4 hxg4 51. Rg5+ Kf7 52. Bb4 Kf6
53. Rxg4 Kf5 54. Rf4+ Ke5 55. Rf3 1-0

[Event "Americas Continental-ch"]
[Site "San Salvador ESA"]
[Date "2022.05.06"]
[Round "6.3"]
[White "Pichot, Alan"]
[Black "Thavandiran, Shiyam"]
[Result "1-0"]
[WhiteElo "2652"]
[BlackElo "2399"]
[PlyCount "43"]
[EventDate "2022.05.02"]
[EventType "swiss"]
[EventRounds "11"]
[EventCountry "ESA"]
[Source "ChessMix"]
[SourceDate "2022.05.20"]

1. e4 e6 2. d4 d5 3. Nc3 Nf6 4. e5 Nfd7 5. f4 c5 6. Nf3 Nc6 7. Be3 a6 8. Ne2
Qb6 9. Qc1 cxd4 10. Nexd4 Nxd4 11. Nxd4 f6 12. exf6 Nxf6 13. Bd3 Bc5 14. c3 Qc7
15. O-O e5 16. fxe5 Qxe5 17. Bf4 Bxd4+ 18. Kh1 Qe7 19. cxd4 O-O 20. Be5 Ne4 21.
Rxf8+ Qxf8 22. Qc7 1-0

[Event "Americas Continental-ch"]
[Site "San Salvador ESA"]
[Date "2022.05.06"]
[Round "7.11"]
[White "Thavandiran, Shiyam"]
[Black "Arias Gaviria, Mario Alexis"]
[Result "1/2-1/2"]
[WhiteElo "2399"]
[BlackElo "2181"]
[PlyCount "49"]
[EventDate "2022.05.02"]
[EventType "swiss"]
[EventRounds "11"]
[EventCountry "ESA"]
[Source "ChessMix"]
[SourceDate "2022.05.20"]

1. e4 c5 2. Nf3 d6 3. d4 cxd4 4. Nxd4 Nf6 5. Nc3 a6 6. Bg5 Nbd7 7. Bc4 g6 8.
O-O Bg7 9. Re1 h6 10. Bh4 O-O 11. a4 Re8 12. Ra3 Qa5 13. Ba2 e6 14. Nb3 Qh5 15.
Bg3 Qxd1 16. Rxd1 Ne5 17. Na5 Bf8 18. Rb3 b5 19. Rb4 Nh5 20. Rbd4 Nxg3 21. hxg3
Rb8 22. b4 Bd7 23. axb5 axb5 24. Bb3 Rec8 25. Ne2 1/2-1/2

[Event "Americas Continental-ch"]
[Site "San Salvador ESA"]
[Date "2022.05.07"]
[Round "8.11"]
[White "Lorenzana, Wilson Estuardo"]
[Black "Thavandiran, Shiyam"]
[Result "0-1"]
[WhiteElo "2170"]
[BlackElo "2399"]
[PlyCount "92"]
[EventDate "2022.05.02"]
[EventType "swiss"]
[EventRounds "11"]
[EventCountry "ESA"]
[Source "ChessMix"]
[SourceDate "2022.05.20"]

1. e4 e6 2. d4 d5 3. Nc3 Nf6 4. Bg5 dxe4 5. Nxe4 Nbd7 6. Nf3 h6 7. Nxf6+ Nxf6
8. Bh4 c5 9. Bb5+ Bd7 10. Bxd7+ Qxd7 11. Bxf6 gxf6 12. dxc5 O-O-O 13. Qxd7+
Rxd7 14. b4 Rg8 15. h3 b6 16. O-O bxc5 17. b5 Bg7 18. a4 f5 19. Rab1 Bf6 20.
Rfe1 Kb7 21. a5 Rgd8 22. Kf1 Bc3 23. Re3 Bxa5 24. Ne5 Rd1+ 25. Rxd1 Rxd1+ 26.
Ke2 Rd2+ 27. Kf3 Rxc2 28. Nxf7 Kb6 29. Rxe6+ Kxb5 30. Nxh6 Rc3+ 31. Ke2 Rc1 32.
Kf3 Rc3+ 33. Ke2 Rc1 34. Kf3 Bc3 35. Nxf5 a5 36. Re8 Kb4 37. Rb8+ Ka3 38. Rb5
Bb4 39. g4 c4 40. g5 c3 41. h4 Rd1 42. Ne3 Rd3 43. Rb8 c2 44. Rc8 Bc3 45. g6
c1=Q 46. g7 Qh1+ 0-1

[Event "Americas Continental-ch"]
[Site "San Salvador ESA"]
[Date "2022.05.08"]
[Round "9.8"]
[White "Thavandiran, Shiyam"]
[Black "Figueredo Losada, Leonel"]
[Result "1/2-1/2"]
[WhiteElo "2399"]
[BlackElo "2337"]
[PlyCount "109"]
[EventDate "2022.05.02"]
[EventType "swiss"]
[EventRounds "11"]
[EventCountry "ESA"]
[Source "ChessMix"]
[SourceDate "2022.05.20"]

1. e4 e5 2. Nf3 Nc6 3. Be2 Nf6 4. d3 g6 5. O-O Bg7 6. c3 a5 7. b3 O-O 8. Nbd2
d5 9. Bb2 b6 10. a3 Bb7 11. Re1 Re8 12. b4 Nb8 13. Bf1 Nbd7 14. exd5 Nxd5 15.
c4 Nf4 16. g3 Ne6 17. Qc2 Nd4 18. Bxd4 exd4 19. c5 Nf6 20. Rxe8+ Qxe8 21. cxb6
cxb6 22. Re1 Qd8 23. Qc4 axb4 24. axb4 Nd5 25. Ne5 Qd6 26. Qxd4 Qxb4 27. Qxb4
Nxb4 28. Ndc4 Re8 29. Rb1 Nd5 30. d4 Re6 31. Bh3 Re7 32. Nd6 Nc3 33. Rxb6 Ne2+
34. Kf1 Nxd4 35. Nxg6 hxg6 36. Rxb7 Rxb7 37. Nxb7 Kf8 38. Bg2 Ke7 39. Bd5 Nf5
40. Na5 g5 41. h3 Nd4 42. Nc4 f5 43. Ke1 Kf6 44. Kd2 Bf8 45. Kd3 Bc5 46. Nd2
Ba7 47. Nb1 Nb5 48. Ke2 Nd4+ 49. Kd3 Nb5 50. f3 Bf2 51. g4 fxg4 52. fxg4 Be1
53. Bc6 Nd6 54. Nd2 Bxd2 55. Kxd2 1/2-1/2

[Event "Americas Continental-ch"]
[Site "San Salvador ESA"]
[Date "2022.05.09"]
[Round "10.7"]
[White "Cabezas Solano, David Alejandro"]
[Black "Thavandiran, Shiyam"]
[Result "0-1"]
[WhiteElo "2084"]
[BlackElo "2399"]
[PlyCount "136"]
[EventDate "2022.05.02"]
[EventType "swiss"]
[EventRounds "11"]
[EventCountry "ESA"]
[Source "ChessMix"]
[SourceDate "2022.05.20"]

1. e4 e6 2. d4 d5 3. e5 c5 4. c3 Nc6 5. Nf3 Bd7 6. Be2 Nge7 7. O-O Ng6 8. a3 f6
9. b4 fxe5 10. b5 Na5 11. Nxe5 Nxe5 12. dxe5 Qc7 13. Bf4 c4 14. a4 Nb3 15. Ra2
a6 16. Qc2 Be7 17. Bg4 O-O 18. Bg3 axb5 19. axb5 Qb6 20. Nd2 Rxa2 21. Qxa2 Nxd2
22. Qxd2 Qxb5 23. Qc2 Ra8 24. h4 Qa4 25. Qd2 Qa2 26. Qd4 Qa7 27. Qd2 Qa2 28.
Qd4 Qa7 29. Qd2 b5 30. Kh2 Qa2 31. Qd4 Qa7 32. Qd2 Qb7 33. f4 b4 34. cxb4 Qxb4
35. Qd1 Qa4 36. Qd4 Qa7 37. Qb2 Rb8 38. Ra1 Qc7 39. Qc2 g6 40. h5 Kg7 41. Ra6
Qc8 42. Ra7 Bc5 43. Ra1 Bd4 44. Rf1 Rb2 45. Qc1 c3 46. f5 exf5 47. Qg5 Qf8 48.
h6+ Kg8 49. Bxf5 Bxf5 50. Rxf5 Qxf5 51. Qd8+ Kf7 52. Qxd5+ Qe6 53. Qxd4 Qc6 54.
e6+ Kxe6 55. Qg4+ Kf7 56. Be5 Rf2 57. Qg3 Rf5 58. Bxc3 Qc5 59. Qd3 Rh5+ 60. Kg3
Qg5+ 61. Kf2 Qf5+ 62. Qxf5+ Rxf5+ 63. Ke3 Rh5 64. Bg7 Ke6 65. g4 Ra5 66. Kf4
g5+ 67. Ke4 Ra4+ 68. Bd4 Rb4 0-1

[Event "Americas Continental-ch"]
[Site "San Salvador ESA"]
[Date "2022.05.10"]
[Round "11.7"]
[White "Thavandiran, Shiyam"]
[Black "Morales, Carlos"]
[Result "1/2-1/2"]
[WhiteElo "2399"]
[BlackElo "1969"]
[PlyCount "100"]
[EventDate "2022.05.02"]
[EventType "swiss"]
[EventRounds "11"]
[EventCountry "ESA"]
[Source "ChessMix"]
[SourceDate "2022.05.20"]

1. e4 c6 2. d4 d5 3. Nd2 dxe4 4. Nxe4 Bf5 5. Ng3 Bg6 6. Nh3 Nd7 7. c3 Ngf6 8.
Bc4 e6 9. Nf4 Bd6 10. O-O O-O 11. Re1 Re8 12. Qf3 Qb6 13. Nxg6 hxg6 14. Ne4
Nxe4 15. Rxe4 c5 16. dxc5 Qxc5 17. Bf1 Nf6 18. Re1 Rad8 19. g3 b6 20. Be3 Qh5
21. Qxh5 gxh5 22. h3 h4 23. Kg2 Bc5 24. Bxc5 bxc5 25. Rad1 Kf8 26. Kf3 Ke7 27.
Bg2 Rb8 28. Rd2 Red8 29. Red1 Rd5 30. Ke2 Rg5 31. g4 Re5+ 32. Kd3 Nd5 33. Bxd5
exd5 34. f4 Re4 35. Kc2 Rxf4 36. Rxd5 Rf2+ 37. R1d2 Rxd2+ 38. Rxd2 Ke6 39. c4
Ke5 40. Rf2 f6 41. Rf5+ Kd4 42. Rf4+ Ke3 43. Rf5 Rc8 44. Kc3 Rc6 45. b4 cxb4+
46. Kxb4 g6 47. Rf1 Ke2 48. Rf4 Ke3 49. Rf1 Ke2 50. Rf4 Ke3 1/2-1/2

[Event "Fagernes op"]
[Site "Fagernes NOR"]
[Date "2022.10.09"]
[Round "1.21"]
[White "Thavandiran, Shiyam"]
[Black "Johannessen, Heine N"]
[Result "1-0"]
[WhiteElo "2353"]
[BlackElo "2033"]
[PlyCount "59"]
[EventDate "2022.04.10"]
[EventType "swiss"]
[EventRounds "9"]
[EventCountry "NOR"]
[Source "ChessMix"]
[SourceDate "2022.10.20"]

1. e4 c5 2. Nf3 g6 3. d4 cxd4 4. Nxd4 Nc6 5. Nc3 Bg7 6. Nb3 Nf6 7. Be2 d6 8.
O-O O-O 9. Bg5 h6 10. Be3 Bd7 11. Qd2 Kh7 12. h3 Na5 13. f4 Bc6 14. Bd3 Nxb3
15. axb3 d5 16. exd5 Nxd5 17. Nxd5 Qxd5 18. Ra5 Qd6 19. f5 Qg3 20. Rf2 Be5 21.
Rxe5 Qxe5 22. Bxh6 Rg8 23. fxg6+ fxg6 24. Rf7+ Kh8 25. Qf2 Qh5 26. Bd2 Rg7 27.
Bc3 Rag8 28. Rxg7 Rxg7 29. Qf8+ Kh7 30. Qxg7# 1-0

[Event "Fagernes op"]
[Site "Fagernes NOR"]
[Date "2022.10.10"]
[Round "2.6"]
[White "Abdrlauf, Elham"]
[Black "Thavandiran, Shiyam"]
[Result "1-0"]
[WhiteElo "2495"]
[BlackElo "2353"]
[PlyCount "131"]
[EventDate "2022.04.10"]
[EventType "swiss"]
[EventRounds "9"]
[EventCountry "NOR"]
[Source "ChessMix"]
[SourceDate "2022.10.20"]

1. e4 e6 2. d4 d5 3. Nc3 Bb4 4. Nge2 dxe4 5. a3 Be7 6. Nxe4 Nf6 7. Nxf6+ Bxf6
8. Be3 O-O 9. Qd2 Nc6 10. O-O-O e5 11. d5 Ne7 12. Ng3 Nf5 13. Nxf5 Bxf5 14. f3
h6 15. g4 Bg6 16. Kb1 Bg5 17. Bd3 Qxd5 18. Bxg5 hxg5 19. Qxg5 Qxf3 20. Bxg6
fxg6 21. Qxe5 Rad8 22. Kc1 c6 23. Qe6+ Kh7 24. Qe7 Rxd1+ 25. Rxd1 Qf4+ 26. Kb1
Qxg4 27. Re1 Rf2 28. Qxb7 Qc4 29. Rc1 Rf1 30. Rxf1 Qxf1+ 31. Ka2 Qc4+ 32. Qb3
Qh4 33. h3 Qe4 34. Qd3 Qe6+ 35. c4 Qf5 36. Qg3 g5 37. Kb3 c5 38. Qg4 Qd3+ 39.
Ka4 Qc2+ 40. b3 Qg6 41. Qc8 Qd6 42. b4 cxb4 43. axb4 Kg6 44. Qg4 Kh6 45. Qf5
Qd1+ 46. Kb5 Qe2 47. Qd7 a6+ 48. Kc5 Qe3+ 49. Kc6 Qc3 50. Qe6+ Kh5 51. c5 g6
52. Qg4+ Kh6 53. Kb6 Qd3 54. Qc8 Qb5+ 55. Ka7 g4 56. Qh8+ Kg5 57. Qd8+ Kh6 58.
hxg4 Qxb4 59. c6 Qxg4 60. Qb6 a5 61. c7 a4 62. Qb7 Qd4+ 63. Ka8 a3 64. c8=Q
Qa4+ 65. Qa6 Qe4+ 66. Qcc6 1-0